The modern law of contract / (Record no. 21680)
[ view plain ]
| 000 -LEADER | |
|---|---|
| fixed length control field | 01202cam a22002775a 4500 |
| 001 - CONTROL NUMBER | |
| control field | 18313195 |
| 005 - DATE AND TIME OF LATEST TRANSACTION | |
| control field | 20160424160635.0 |
| 008 - FIXED-LENGTH DATA ELEMENTS--GENERAL INFORMATION | |
| fixed length control field | 140923s2015 enk frb 001 0 eng d |
| 020 ## - INTERNATIONAL STANDARD BOOK NUMBER | |
| International Standard Book Number | 9781138015821 (pbk) |
| 040 ## - CATALOGING SOURCE | |
| Original cataloging agency | DLC |
| Language of cataloging | eng |
| Transcribing agency | DLC |
| Modifying agency | DLC |
| -- | EG-ScBUE |
| 043 ## - GEOGRAPHIC AREA CODE | |
| Geographic area code | e-uk-en |
| 082 04 - DEWEY DECIMAL CLASSIFICATION NUMBER | |
| Classification number | 346.4202 |
| Edition number | 22 |
| Item number | STO |
| 100 1# - MAIN ENTRY--PERSONAL NAME | |
| Personal name | Stone, Richard, |
| Dates associated with a name | 1951 March 7- |
| 9 (RLIN) | 39897 |
| 245 14 - TITLE STATEMENT | |
| Title | The modern law of contract / |
| Statement of responsibility, etc | Richard Stone and James Devenney. |
| 250 ## - EDITION STATEMENT | |
| Edition statement | 11th ed. |
| 260 ## - PUBLICATION, DISTRIBUTION, ETC. (IMPRINT) | |
| Place of publication, distribution, etc | Oxon ; |
| -- | New York : |
| Name of publisher, distributor, etc | Routledge / Taylor & Francis Group, |
| Date of publication, distribution, etc | 2015. |
| 300 ## - PHYSICAL DESCRIPTION | |
| Extent | xlix, 541 p. ; |
| Dimensions | 26 cm. |
| 500 ## - GENERAL NOTE | |
| General note | Index : p. 531-541. |
| 504 ## - BIBLIOGRAPHY, ETC. NOTE | |
| Bibliography, etc | Bibliography : p. 521-530. |
| 505 0# - FORMATTED CONTENTS NOTE | |
| Formatted contents note | Forming the agreement -- Consideration and other tests of enforceability -- Intention to create legal relations -- Privity -- The contents of the contract -- Clauses excluding or limiting liability -- Misreprensentation -- Mistake -- Duress -- Undue influence -- Illegality and public policy -- Frustration -- Discharge by performance or breach -- Remedies and restitution. |
| 650 #0 - SUBJECT ADDED ENTRY--TOPICAL TERM | |
| Topical term or geographic name as entry element | Contracts |
| Geographic subdivision | England. |
| Source of heading or term | BUEsh |
| 9 (RLIN) | 23175 |
| 651 ## - SUBJECT ADDED ENTRY--GEOGRAPHIC NAME | |
| Source of heading or term | BUEsh |
| 653 ## - INDEX TERM--UNCONTROLLED | |
| Resource For college | BAEPS, Political Science |
| Arrived date list | April2016 |
| 700 1# - ADDED ENTRY--PERSONAL NAME | |
| Personal name | Devenney, James, |
| 942 ## - ADDED ENTRY ELEMENTS (KOHA) | |
| Source of classification or shelving scheme | Dewey Decimal Classification |
| Withdrawn status | Item status | Source of classification or shelving scheme | Damaged status | Not for loan | Vendor | Home library | Current library | Shelving location | Date acquired | Source of acquisition | Cost, normal purchase price | Total Checkouts | Total Renewals | Full call number | Barcode | Date last seen | Date last borrowed | Cost, replacement price | Koha item type |
|---|---|---|---|---|---|---|---|---|---|---|---|---|---|---|---|---|---|---|---|
| Dewey Decimal Classification | Alahram | Central Library | Central Library | First floor | 24/04/2016 | Purchase | 419.00 | 7 | 21 | 346.4202 STO | 000032407 | 15/07/2025 | 30/04/2024 | 523.75 | Book - Borrowing |